[Event "DVM U20 2023"]
[Site "Magdeburg GER"]
[Date "2023.12.27"]
[Round "1"]
[White "Struck, Lasse"]
[Black "Burian, Simon"]
[Result "1/2-1/2"]
[Termination "normal"]
[Board "7.1"]
[WhiteElo "1964"]
[BlackElo "2154"]
[WhiteClock "00:04:42"]
[BlackClock "00:07:39"]
[WhiteTeam "SF Essen-Katernberg 04/32"]
[BlackTeam "SK König Plauen"]
[PlyCount "107"]
[WhiteFideId "16255623"]
[BlackFideId "12956902"]
[EventCountry "GER"]
[EventRounds "7"]
[EventType "team-swiss"]
[EventDate "2023.12.26"]

1. d4 {[%clk 01:30:57]} {[%emt 00:00:02]} Nf6 {[%clk 01:30:51]} {[%emt
00:00:09]} 2. c4 {[%clk 01:31:19]} {[%emt 00:00:08]} e6 {[%clk 01:31:08]}
{[%emt 00:00:14]} 3. Nf3 {[%emt 00:01:05]} d5 {[%clk 01:31:20]} 4. g3 {[%clk
01:31:22]} {[%emt 00:00:09]} Bb4+ {[%clk 01:31:07]} {[%emt 00:00:44]} 5. Bd2
{[%clk 01:31:44]} {[%emt 00:00:07]} Be7 {[%clk 01:31:30]} {[%emt 00:00:07]} 6.
Bg2 {[%clk 01:31:49]} {[%emt 00:00:24]} O-O {[%clk 01:30:57]} {[%emt 00:01:03]}
7. Qc2 {[%clk 01:32:01]} {[%emt 00:00:17]} c6 {[%clk 01:30:57]} {[%emt
00:00:31]} 8. h4 {[%clk 01:31:34]} {[%emt 00:00:58]} Nbd7 {[%clk 01:27:21]}
{[%emt 00:04:06]} 9. Nc3 {[%clk 01:30:24]} {[%emt 00:01:39]} b6 {[%clk
01:21:24]} {[%emt 00:06:27]} 10. e4 {[%clk 01:26:19]} {[%emt 00:04:34]} dxe4
{[%clk 01:17:11]} {[%emt 00:04:44]} 11. Nxe4 {[%clk 01:17:25]} {[%emt
00:09:24]} Bb7 {[%clk 01:12:34]} {[%emt 00:05:07]} 12. Nxf6+ {[%clk 01:01:58]}
{[%emt 00:15:57]} Nxf6 {[%clk 01:10:20]} {[%emt 00:02:44]} 13. Bc3 {[%clk
00:59:11]} {[%emt 00:03:16]} Qc8 {[%clk 01:00:38]} {[%emt 00:10:13]} 14. O-O
{[%clk 00:57:09]} {[%emt 00:02:31]} h6 {[%clk 00:57:21]} {[%emt 00:03:47]} 15.
Rfe1 {[%clk 00:54:04]} {[%emt 00:03:35]} Re8 {[%clk 00:53:39]} {[%emt
00:04:13]} 16. c5 {[%clk 00:53:07]} {[%emt 00:01:27]} Nd5 {[%clk 00:45:42]}
{[%emt 00:08:26]} 17. Bd2 {[%clk 00:51:24]} {[%emt 00:02:14]} bxc5 {[%clk
00:42:52]} {[%emt 00:03:21]} 18. dxc5 {[%clk 00:51:38]} {[%emt 00:00:15]} Bf6
{[%clk 00:42:08]} {[%emt 00:01:14]} 19. Ne5 {[%clk 00:48:36]} {[%emt 00:03:32]}
Qb8 {[%clk 00:33:02]} {[%emt 00:09:35]} 20. Qe4 {[%clk 00:40:23]} {[%emt
00:08:43]} Bxe5 {[%clk 00:32:29]} {[%emt 00:01:05]} 21. Qxe5 {[%clk 00:40:43]}
{[%emt 00:00:09]} Qxe5 {[%clk 00:32:10]} {[%emt 00:00:50]} 22. Rxe5 {[%clk
00:41:11]} {[%emt 00:00:01]} Nf6 {[%clk 00:30:17]} {[%emt 00:02:23]} 23. Ree1
{[%clk 00:35:59]} {[%emt 00:05:42]} Nd5 {[%clk 00:22:48]} {[%emt 00:07:59]} 24.
Bf1 {[%clk 00:29:03]} {[%emt 00:07:25]} e5 {[%clk 00:17:37]} {[%emt 00:05:41]}
25. Ba5 {[%clk 00:25:22]} {[%emt 00:04:11]} f5 {[%clk 00:14:22]} {[%emt
00:03:46]} 26. b4 {[%clk 00:23:53]} {[%emt 00:01:59]} a6 {[%clk 00:11:55]}
{[%emt 00:02:57]} 27. a4 {[%clk 00:23:02]} {[%emt 00:01:21]} Kf7 {[%clk
00:10:21]} {[%emt 00:02:03]} 28. Bc4 {[%clk 00:21:57]} {[%emt 00:01:36]} Rac8
{[%clk 00:07:39]} {[%emt 00:03:13]} 29. Rec1 {[%clk 00:21:06]} {[%emt
00:01:20]} e4 {[%clk 00:05:48]} {[%emt 00:02:21]} 30. Bxd5+ {[%clk 00:18:01]}
{[%emt 00:03:36]} cxd5 {[%clk 00:06:13]} {[%emt 00:00:04]} 31. b5 {[%clk
00:18:21]} {[%emt 00:00:09]} Re6 {[%clk 00:03:09]} {[%emt 00:03:35]} 32. Rc2
{[%clk 00:11:25]} {[%emt 00:07:25]} d4 {[%clk 00:02:54]} {[%emt 00:00:46]} 33.
c6 {[%clk 00:10:35]} {[%emt 00:01:19]} Ba8 {[%clk 00:01:40]} {[%emt 00:01:44]}
34. Rc4 {[%clk 00:08:28]} {[%emt 00:02:37]} Re5 {[%clk 00:01:12]} {[%emt
00:00:58]} 35. Rb1 {[%clk 00:02:29]} {[%emt 00:06:29]} d3 {[%clk 00:00:36]}
{[%emt 00:01:06]} 36. Bd2 {[%clk 00:02:28]} {[%emt 00:00:31]} axb5 {[%clk
00:00:48]} {[%emt 00:00:20]} 37. axb5 {[%clk 00:02:48]} {[%emt 00:00:09]} Re6
{[%clk 00:00:53]} {[%emt 00:00:25]} 38. Ra1 {[%clk 00:01:54]} {[%emt 00:01:24]}
Bxc6 {[%clk 00:00:45]} {[%emt 00:00:37]} 39. bxc6 {[%clk 00:02:14]} {[%emt
00:00:10]} Rexc6 {[%clk 00:01:09]} {[%emt 00:00:06]} 40. Rxc6 {[%clk 00:01:40]}
{[%emt 00:01:04]} Rxc6 {[%clk 00:01:34]} {[%emt 00:00:05]} 41. Ra2 {[%clk
00:27:45]} {[%emt 00:04:25]} Kf6 {[%clk 00:29:03]} {[%emt 00:03:00]} 42. h5
{[%clk 00:27:47]} {[%emt 00:00:28]} g6 {[%clk 00:22:45]} {[%emt 00:06:49]} 43.
Bxh6 {[%clk 00:27:52]} {[%emt 00:00:25]} gxh5 {[%clk 00:23:09]} {[%emt
00:00:06]} 44. Bf4 {[%clk 00:26:52]} {[%emt 00:01:29]} Ke6 {[%clk 00:20:12]}
{[%emt 00:03:27]} 45. Kg2 {[%clk 00:27:06]} {[%emt 00:00:16]} Rc5 {[%clk
00:16:41]} {[%emt 00:04:01]} 46. Kh3 {[%clk 00:24:24]} {[%emt 00:03:11]} Kd5
{[%clk 00:17:00]} {[%emt 00:00:12]} 47. Ra6 {[%clk 00:15:59]} {[%emt 00:08:55]}
Rc2 {[%clk 00:13:09]} {[%emt 00:04:21]} 48. Ra5+ {[%clk 00:08:49]} {[%emt
00:07:41]} Kc4 {[%clk 00:13:06]} {[%emt 00:00:33]} 49. Be3 {[%clk 00:05:14]}
{[%emt 00:04:04]} d2 {[%clk 00:07:50]} {[%emt 00:05:46]} 50. Bxd2 {[%clk
00:05:35]} {[%emt 00:00:08]} Rxd2 {[%clk 00:08:13]} {[%emt 00:00:08]} 51. Rxf5
{[%clk 00:05:58]} {[%emt 00:00:06]} Kd3 {[%clk 00:07:29]} {[%emt 00:01:15]} 52.
Kh4 {[%clk 00:03:54]} {[%emt 00:02:33]} e3 {[%clk 00:07:17]} {[%emt 00:00:43]}
53. fxe3 {[%clk 00:04:18]} {[%emt 00:00:05]} Rh2+ {[%clk 00:07:39]} {[%emt
00:00:07]} 54. Kg5 {[%clk 00:04:42]} {[%emt 00:00:05]} 1/2-1/2

[Event "DVM U20 2023"]
[Site "Magdeburg GER"]
[Date "2023.12.27"]
[Round "1"]
[White "Melestean, Timur"]
[Black "Gallas, Noel"]
[Result "1-0"]
[Termination "normal"]
[Board "7.2"]
[WhiteElo "1892"]
[BlackElo "1931"]
[WhiteClock "00:48:28"]
[BlackClock "00:00:40"]
[WhiteTeam "SK König Plauen"]
[BlackTeam "SF Essen-Katernberg 04/32"]
[PlyCount "67"]
[WhiteFideId "16280385"]
[BlackFideId "16216059"]
[EventCountry "GER"]
[EventRounds "7"]
[EventType "team-swiss"]
[EventDate "2023.12.26"]

1. Nf3 {[%clk 01:30:58]} {[%emt 00:00:02]} Nf6 {[%clk 01:30:24]} {[%emt
00:00:36]} 2. g3 {[%clk 01:31:19]} {[%emt 00:00:09]} c5 {[%clk 01:29:42]}
{[%emt 00:01:12]} 3. c4 {[%clk 01:30:33]} {[%emt 00:01:17]} Nc6 {[%clk
01:28:16]} {[%emt 00:01:55]} 4. Bg2 {[%clk 01:30:52]} {[%emt 00:00:10]} d5
{[%clk 01:27:03]} {[%emt 00:01:44]} 5. cxd5 {[%clk 01:31:15]} {[%emt 00:00:06]}
Nxd5 {[%clk 01:27:22]} {[%emt 00:00:11]} 6. Nc3 {[%clk 01:31:40]} {[%emt
00:00:05]} Nc7 {[%clk 01:26:46]} {[%emt 00:01:07]} 7. a3 {[%clk 01:32:02]}
{[%emt 00:00:09]} Rb8 {[%clk 01:16:54]} {[%emt 00:10:21]} 8. b4 {[%clk
01:15:58]} {[%emt 00:16:34]} cxb4 {[%emt 00:18:52]} 9. axb4 {[%emt 00:00:02]}
a6 {[%clk 00:54:53]} {[%emt 00:04:07]} 10. Qb3 {[%clk 01:07:46]} {[%emt
00:09:12]} Bg4 {[%clk 00:38:16]} {[%emt 00:17:06]} 11. Qb2 {[%clk 01:00:35]}
{[%emt 00:07:42]} Bxf3 {[%clk 00:24:10]} {[%emt 00:14:36]} 12. Bxf3 {[%clk
00:58:32]} {[%emt 00:02:32]} Nd4 {[%clk 00:24:24]} {[%emt 00:00:17]} 13. Bg2
{[%clk 00:56:59]} {[%emt 00:02:02]} e6 {[%clk 00:22:31]} {[%emt 00:02:23]} 14.
O-O {[%clk 00:56:50]} {[%emt 00:00:38]} Qd6 {[%clk 00:16:06]} {[%emt 00:06:54]}
15. Rb1 {[%clk 00:54:23]} {[%emt 00:02:57]} f6 {[%clk 00:13:42]} {[%emt
00:02:55]} 16. d3 {[%clk 00:53:39]} {[%emt 00:01:14]} Ncb5 {[%clk 00:09:29]}
{[%emt 00:04:42]} 17. Nxb5 {[%clk 00:53:36]} {[%emt 00:00:33]} Nxb5 {[%clk
00:08:55]} {[%emt 00:01:05]} 18. Be3 {[%clk 00:53:53]} {[%emt 00:00:13]} Be7
{[%clk 00:07:27]} {[%emt 00:01:58]} 19. Bc5 {[%clk 00:53:44]} {[%emt 00:00:39]}
Qd7 {[%clk 00:07:34]} {[%emt 00:00:23]} 20. Rfc1 {[%clk 00:51:49]} {[%emt
00:02:25]} Bxc5 {[%clk 00:04:12]} {[%emt 00:03:51]} 21. bxc5 {[%clk 00:52:00]}
{[%emt 00:00:20]} O-O {[%clk 00:03:22]} {[%emt 00:01:19]} 22. Qa2 {[%clk
00:49:34]} {[%emt 00:02:56]} Rfc8 {[%clk 00:01:28]} {[%emt 00:02:25]} 23. Bh3
{[%clk 00:47:18]} {[%emt 00:02:47]} Kf7 {[%clk 00:01:01]} {[%emt 00:00:56]} 24.
e3 {[%clk 00:47:30]} {[%emt 00:00:18]} Ke7 {[%clk 00:00:48]} {[%emt 00:00:44]}
25. d4 {[%clk 00:47:52]} {[%emt 00:00:09]} f5 {[%clk 00:00:37]} {[%emt
00:00:40]} 26. Bg2 {[%clk 00:47:26]} {[%emt 00:00:55]} Na7 {[%clk 00:00:39]}
{[%emt 00:00:28]} 27. Qb2 {[%clk 00:47:17]} {[%emt 00:00:39]} Nc6 {[%clk
00:00:32]} {[%emt 00:00:37]} 28. d5 {[%clk 00:47:36]} {[%emt 00:00:11]} exd5
{[%clk 00:00:39]} {[%emt 00:00:24]} 29. Qxg7+ {[%clk 00:47:55]} {[%emt
00:00:11]} Kd8 {[%clk 00:00:45]} {[%emt 00:00:24]} 30. Qb2 {[%clk 00:47:19]}
{[%emt 00:01:06]} Ke7 {[%clk 00:00:33]} {[%emt 00:00:42]} 31. Rd1 {[%clk
00:47:37]} {[%emt 00:00:13]} Rg8 {[%clk 00:00:36]} {[%emt 00:00:26]} 32. Bxd5
{[%clk 00:47:42]} {[%emt 00:00:26]} Rg5 {[%clk 00:00:33]} {[%emt 00:00:32]} 33.
Bxc6 {[%clk 00:48:01]} {[%emt 00:00:12]} Qxc6 {[%clk 00:00:40]} {[%emt
00:00:21]} 34. Qe5+ {[%clk 00:48:28]} {[%emt 00:00:04]} 1-0

[Event "DVM U20 2023"]
[Site "Magdeburg GER"]
[Date "2023.12.27"]
[Round "1"]
[White "Jahrke, Jonas"]
[Black "Elstner, Florian"]
[Result "0-1"]
[Termination "normal"]
[Board "7.3"]
[WhiteElo "1831"]
[BlackElo "1815"]
[WhiteClock "00:31:16"]
[BlackClock "00:33:35"]
[WhiteTeam "SF Essen-Katernberg 04/32"]
[BlackTeam "SK König Plauen"]
[PlyCount "112"]
[WhiteFideId "12984353"]
[BlackFideId "16247264"]
[EventCountry "GER"]
[EventRounds "7"]
[EventType "team-swiss"]
[EventDate "2023.12.26"]

1. d4 {[%clk 01:30:53]} {[%emt 00:00:06]} d5 {[%clk 01:30:52]} {[%emt
00:00:08]} 2. Nf3 {[%clk 01:31:14]} {[%emt 00:00:10]} Nf6 {[%clk 01:31:04]}
{[%emt 00:00:16]} 3. g3 {[%clk 01:31:35]} {[%emt 00:00:11]} e6 {[%clk
01:30:24]} {[%emt 00:01:10]} 4. Bg2 {[%clk 01:31:54]} {[%emt 00:00:11]} Bd6
{[%clk 01:28:38]} {[%emt 00:02:15]} 5. c4 {[%clk 01:30:00]} {[%emt 00:02:25]}
c6 {[%clk 01:27:15]} {[%emt 00:01:52]} 6. O-O {[%clk 01:28:57]} {[%emt
00:01:32]} O-O {[%clk 01:26:45]} {[%emt 00:01:02]} 7. Qc2 {[%clk 01:25:53]}
{[%emt 00:03:33]} Nbd7 {[%clk 01:22:29]} {[%emt 00:04:46]} 8. Nbd2 {[%clk
01:12:35]} {[%emt 00:13:48]} Re8 {[%clk 01:14:45]} {[%emt 00:08:13]} 9. e4
{[%clk 01:06:11]} {[%emt 00:06:56]} dxe4 {[%clk 01:07:55]} {[%emt 00:07:19]}
10. Nxe4 {[%clk 01:05:56]} {[%emt 00:00:45]} Nxe4 {[%clk 01:06:30]} {[%emt
00:01:54]} 11. Qxe4 {[%clk 01:06:16]} {[%emt 00:00:11]} e5 {[%clk 01:03:03]}
{[%emt 00:03:57]} 12. dxe5 {[%clk 00:38:48]} {[%emt 00:27:58]} Nxe5 {[%clk
01:01:18]} {[%emt 00:02:15]} 13. Nxe5 {[%clk 00:31:46]} {[%emt 00:07:32]} Bxe5
{[%clk 00:55:09]} {[%emt 00:06:39]} 14. Qc2 {[%clk 00:22:35]} {[%emt 00:09:42]}
Qf6 {[%clk 00:45:41]} {[%emt 00:09:56]} 15. Re1 {[%clk 00:19:52]} {[%emt
00:03:14]} Bf5 {[%clk 00:39:17]} {[%emt 00:06:53]} 16. Be4 {[%clk 00:14:19]}
{[%emt 00:06:05]} Bxe4 {[%clk 00:38:45]} {[%emt 00:01:02]} 17. Qxe4 {[%clk
00:14:03]} {[%emt 00:00:46]} Re6 {[%clk 00:37:11]} {[%emt 00:02:03]} 18. Qc2
{[%clk 00:10:08]} {[%emt 00:04:25]} Rae8 {[%clk 00:35:07]} {[%emt 00:02:34]}
19. Be3 {[%clk 00:05:24]} {[%emt 00:05:14]} Bd4 {[%clk 00:33:07]} {[%emt
00:02:30]} 20. Qd2 {[%clk 00:02:54]} {[%emt 00:03:01]} Bxb2 {[%clk 00:16:58]}
{[%emt 00:16:39]} 21. Bg5 {[%clk 00:03:16]} {[%emt 00:00:08]} Qd4 {[%clk
00:16:26]} {[%emt 00:01:00]} 22. Rxe6 {[%clk 00:02:35]} {[%emt 00:01:12]} Rxe6
{[%clk 00:16:49]} {[%emt 00:00:09]} 23. Rb1 {[%clk 00:01:19]} {[%emt 00:01:45]}
Qxd2 {[%clk 00:14:18]} {[%emt 00:03:01]} 24. Bxd2 {[%clk 00:01:47]} {[%emt
00:00:02]} Bd4 {[%clk 00:14:22]} {[%emt 00:00:24]} 25. Rxb7 {[%clk 00:01:55]}
{[%emt 00:00:23]} Kf8 {[%clk 00:11:36]} {[%emt 00:03:16]} 26. Bb4+ {[%clk
00:01:17]} {[%emt 00:01:10]} c5 {[%clk 00:11:31]} {[%emt 00:00:34]} 27. Ba5
{[%clk 00:00:51]} {[%emt 00:00:57]} Re2 {[%clk 00:10:18]} {[%emt 00:01:42]} 28.
Rxa7 {[%clk 00:00:46]} {[%emt 00:00:35]} Rxf2 {[%clk 00:10:10]} {[%emt
00:00:38]} 29. Kh1 {[%clk 00:00:57]} {[%emt 00:00:19]} Rc2 {[%clk 00:08:58]}
{[%emt 00:01:41]} 30. Bb6 {[%clk 00:00:41]} {[%emt 00:00:47]} g6 {[%clk
00:07:47]} {[%emt 00:01:41]} 31. a4 {[%clk 00:00:58]} {[%emt 00:00:13]} Rxc4
{[%clk 00:07:11]} {[%emt 00:01:07]} 32. a5 {[%clk 00:01:22]} {[%emt 00:00:05]}
Rb4 {[%clk 00:06:07]} {[%emt 00:01:34]} 33. Rc7 {[%clk 00:01:25]} {[%emt
00:00:28]} Rb5 {[%clk 00:05:30]} {[%emt 00:01:07]} 34. Rc6 {[%clk 00:01:20]}
{[%emt 00:00:34]} Rb1+ {[%clk 00:04:07]} {[%emt 00:01:53]} 35. Kg2 {[%clk
00:01:44]} {[%emt 00:00:06]} Ra1 {[%clk 00:04:27]} {[%emt 00:00:11]} 36. Bc7
{[%clk 00:01:06]} {[%emt 00:01:08]} Ke7 {[%clk 00:03:58]} {[%emt 00:00:59]} 37.
Bb6 {[%clk 00:00:49]} {[%emt 00:00:47]} h5 {[%clk 00:02:35]} {[%emt 00:01:52]}
38. Kf3 {[%clk 00:01:00]} {[%emt 00:00:20]} Kd7 {[%clk 00:01:56]} {[%emt
00:01:09]} 39. Rc7+ {[%clk 00:01:14]} {[%emt 00:00:16]} Ke6 {[%clk 00:02:06]}
{[%emt 00:00:20]} 40. Ke4 {[%clk 00:00:52]} {[%emt 00:00:51]} f5+ {[%clk
00:01:49]} {[%emt 00:00:47]} 41. Kf4 {[%clk 00:26:43]} {[%emt 00:04:39]} Be5+
{[%clk 00:31:17]} {[%emt 00:01:03]} 42. Kg5 {[%clk 00:26:37]} {[%emt 00:00:35]}
Bxc7 {[%clk 00:31:31]} {[%emt 00:00:17]} 43. Bxc7 {[%clk 00:27:06]} {[%emt
00:00:01]} c4 {[%clk 00:31:13]} {[%emt 00:00:49]} 44. Kxg6 {[%clk 00:27:12]}
{[%emt 00:00:23]} c3 {[%clk 00:30:54]} {[%emt 00:00:49]} 45. Kxh5 {[%clk
00:26:55]} {[%emt 00:00:47]} c2 {[%clk 00:31:17]} {[%emt 00:00:07]} 46. Bf4
{[%clk 00:27:23]} {[%emt 00:00:03]} c1=Q {[%clk 00:31:28]} {[%emt 00:00:18]}
47. Bxc1 {[%clk 00:27:51]} {[%emt 00:00:01]} Rxc1 {[%clk 00:31:52]} {[%emt
00:00:06]} 48. h4 {[%clk 00:28:15]} {[%emt 00:00:08]} Kf6 {[%clk 00:31:43]}
{[%emt 00:00:37]} 49. Kh6 {[%clk 00:28:29]} {[%emt 00:00:16]} Ra1 {[%clk
00:31:33]} {[%emt 00:00:40]} 50. h5 {[%clk 00:28:57]} {[%emt 00:00:04]} Rxa5
{[%clk 00:31:45]} {[%emt 00:00:17]} 51. Kh7 {[%clk 00:29:25]} {[%emt 00:00:02]}
Ra3 {[%clk 00:31:53]} {[%emt 00:00:22]} 52. h6 {[%clk 00:29:34]} {[%emt
00:00:21]} Rxg3 {[%clk 00:32:16]} {[%emt 00:00:07]} 53. Kh8 {[%clk 00:29:59]}
{[%emt 00:00:05]} Rh3 {[%clk 00:32:37]} {[%emt 00:00:09]} 54. h7 {[%clk
00:30:24]} {[%emt 00:00:05]} f4 {[%clk 00:32:50]} {[%emt 00:00:16]} 55. Kg8
{[%clk 00:30:51]} {[%emt 00:00:03]} f3 {[%clk 00:33:13]} {[%emt 00:00:08]} 56.
h8=R {[%clk 00:31:16]} {[%emt 00:00:05]} Rxh8+ {[%clk 00:33:35]} {[%emt
00:00:07]} 1/2-1/2

[Event "DVM U20 2023"]
[Site "Magdeburg GER"]
[Date "2023.12.27"]
[Round "1"]
[White "Melitzki, Richard"]
[Black "Rasch, Lukas"]
[Result "1-0"]
[Termination "normal"]
[Board "7.4"]
[WhiteElo "1819"]
[BlackElo "1663"]
[WhiteClock "00:41:51"]
[BlackClock "00:29:39"]
[WhiteTeam "SK König Plauen"]
[BlackTeam "SF Essen-Katernberg 04/32"]
[PlyCount "109"]
[WhiteFideId "16223420"]
[BlackFideId "16272072"]
[EventCountry "GER"]
[EventRounds "7"]
[EventType "team-swiss"]
[EventDate "2023.12.26"]

1. e4 {[%clk 01:30:57]} {[%emt 00:00:03]} e6 {[%clk 01:30:35]} {[%emt
00:00:25]} 2. Nf3 {[%clk 01:28:43]} {[%emt 00:02:43]} d5 {[%clk 01:30:58]}
{[%emt 00:00:07]} 3. e5 {[%clk 01:29:07]} {[%emt 00:00:06]} c5 {[%clk
01:30:35]} {[%emt 00:00:53]} 4. b4 {[%clk 01:29:21]} {[%emt 00:00:16]} c4
{[%clk 01:27:02]} {[%emt 00:04:02]} 5. c3 {[%clk 01:25:59]} {[%emt 00:03:53]}
Qc7 {[%clk 01:19:05]} {[%emt 00:08:26]} 6. d3 {[%clk 01:20:11]} {[%emt
00:06:18]} Nd7 {[%clk 01:08:13]} {[%emt 00:11:21]} 7. d4 {[%clk 01:12:42]}
{[%emt 00:08:00]} a5 {[%clk 01:01:43]} {[%emt 00:06:59]} 8. b5 {[%clk
01:11:05]} {[%emt 00:02:08]} a4 {[%clk 00:58:59]} {[%emt 00:03:14]} 9. Na3
{[%clk 01:07:58]} {[%emt 00:03:38]} Qa5 {[%clk 00:50:11]} {[%emt 00:09:17]} 10.
Qc2 {[%clk 01:08:07]} {[%emt 00:00:20]} Qd8 {[%clk 00:38:20]} {[%emt 00:12:20]}
11. Be2 {[%clk 01:06:14]} {[%emt 00:02:25]} Nb6 {[%clk 00:36:39]} {[%emt
00:02:12]} 12. O-O {[%clk 01:04:24]} {[%emt 00:02:19]} g6 {[%clk 00:32:37]}
{[%emt 00:04:32]} 13. Bd1 {[%clk 00:43:43]} {[%emt 00:21:10]} Bh6 {[%clk
00:29:06]} {[%emt 00:04:01]} 14. Bxh6 {[%clk 00:40:07]} {[%emt 00:04:05]} Nxh6
{[%clk 00:29:34]} {[%emt 00:00:03]} 15. Qd2 {[%clk 00:40:26]} {[%emt 00:00:11]}
Nf5 {[%clk 00:27:23]} {[%emt 00:02:41]} 16. Nc2 {[%clk 00:39:49]} {[%emt
00:01:07]} Qe7 {[%clk 00:25:53]} {[%emt 00:01:59]} 17. Ne3 {[%clk 00:39:02]}
{[%emt 00:01:17]} h5 {[%clk 00:25:29]} {[%emt 00:00:55]} 18. Bc2 {[%clk
00:37:56]} {[%emt 00:01:36]} Bd7 {[%clk 00:25:09]} {[%emt 00:00:50]} 19. Kh1
{[%clk 00:31:40]} {[%emt 00:06:45]} Kd8 {[%clk 00:21:40]} {[%emt 00:04:00]} 20.
Rab1 {[%clk 00:28:10]} {[%emt 00:03:59]} Kc7 {[%clk 00:21:08]} {[%emt
00:01:01]} 21. Rb4 {[%clk 00:27:18]} {[%emt 00:01:23]} Ra5 {[%clk 00:19:28]}
{[%emt 00:02:10]} 22. a3 {[%clk 00:20:59]} {[%emt 00:06:49]} Rha8 {[%clk
00:15:14]} {[%emt 00:04:45]} 23. Rfb1 {[%clk 00:17:10]} {[%emt 00:04:18]} Qe8
{[%clk 00:14:51]} {[%emt 00:00:53]} 24. Ng5 {[%clk 00:16:07]} {[%emt 00:01:33]}
Nh6 {[%clk 00:10:52]} {[%emt 00:04:29]} 25. Nh7 {[%clk 00:15:19]} {[%emt
00:01:19]} Qh8 {[%clk 00:06:33]} {[%emt 00:04:49]} 26. Nf6 {[%clk 00:14:55]}
{[%emt 00:00:54]} Ng8 {[%clk 00:06:43]} {[%emt 00:00:20]} 27. Nxg8 {[%clk
00:13:05]} {[%emt 00:02:19]} Qxg8 {[%clk 00:06:29]} {[%emt 00:00:44]} 28. Nf1
{[%clk 00:13:06]} {[%emt 00:00:30]} Qe8 {[%clk 00:05:39]} {[%emt 00:01:20]} 29.
Qf4 {[%clk 00:13:07]} {[%emt 00:00:29]} Qe7 {[%clk 00:04:28]} {[%emt 00:01:42]}
30. Nd2 {[%clk 00:12:47]} {[%emt 00:00:49]} Rh8 {[%clk 00:03:42]} {[%emt
00:01:16]} 31. Nf3 {[%clk 00:12:56]} {[%emt 00:00:21]} Raa8 {[%clk 00:03:02]}
{[%emt 00:01:10]} 32. Ng5 {[%clk 00:12:42]} {[%emt 00:00:44]} Be8 {[%clk
00:03:12]} {[%emt 00:00:21]} 33. h4 {[%clk 00:11:08]} {[%emt 00:02:04]} Ra5
{[%clk 00:01:07]} {[%emt 00:02:35]} 34. Re1 {[%clk 00:10:23]} {[%emt 00:01:15]}
Rxb5 {[%clk 00:00:49]} {[%emt 00:00:48]} 35. Rxb5 {[%clk 00:10:03]} {[%emt
00:00:50]} Bxb5 {[%clk 00:01:17]} {[%emt 00:00:01]} 36. Qxf7 {[%clk 00:10:07]}
{[%emt 00:00:25]} Qxf7 {[%clk 00:01:17]} {[%emt 00:00:31]} 37. Nxf7 {[%clk
00:10:30]} {[%emt 00:00:06]} Rf8 {[%clk 00:01:26]} {[%emt 00:00:22]} 38. Nd6
{[%clk 00:10:48]} {[%emt 00:00:13]} Rxf2 {[%clk 00:01:05]} {[%emt 00:00:52]}
39. Nxb5+ {[%clk 00:11:10]} {[%emt 00:00:07]} Kc6 {[%clk 00:00:56]} {[%emt
00:00:39]} 40. Na7+ {[%clk 00:11:09]} {[%emt 00:00:31]} Kd7 {[%clk 00:01:22]}
{[%emt 00:00:03]} 41. Bxg6 {[%clk 00:11:17]} {[%emt 00:00:22]} Nc8 {[%clk
00:30:23]} {[%emt 00:01:29]} 42. Nxc8 {[%clk 00:41:14]} {[%emt 00:00:33]} Kxc8
{[%clk 00:30:52]} 43. Bxh5 {[%clk 00:40:12]} {[%emt 00:01:33]} Ra2 {[%clk
00:31:09]} {[%emt 00:00:11]} 44. Bg4 {[%clk 00:40:08]} {[%emt 00:00:35]} Rxa3
{[%clk 00:30:59]} {[%emt 00:00:41]} 45. h5 {[%clk 00:40:13]} {[%emt 00:00:25]}
Rb3 {[%clk 00:28:44]} {[%emt 00:02:44]} 46. h6 {[%clk 00:40:27]} {[%emt
00:00:17]} a3 {[%clk 00:29:11]} {[%emt 00:00:03]} 47. h7 {[%clk 00:40:46]}
{[%emt 00:00:11]} a2 {[%clk 00:29:26]} {[%emt 00:00:04]} 48. h8=Q+ {[%clk
00:41:14]} {[%emt 00:00:12]} Kc7 {[%clk 00:29:52]} {[%emt 00:00:05]} 49. Bxe6
{[%clk 00:40:49]} {[%emt 00:00:54]} Rb1 {[%clk 00:29:47]} {[%emt 00:00:37]} 50.
Qh7+ {[%clk 00:41:03]} {[%emt 00:00:16]} Kc6 {[%clk 00:29:30]} {[%emt
00:00:47]} 51. Rxb1 {[%clk 00:41:26]} {[%emt 00:00:06]} axb1=Q+ {[%clk
00:29:04]} {[%emt 00:00:56]} 52. Qxb1 {[%clk 00:41:41]} {[%emt 00:00:16]} b5
{[%clk 00:29:28]} {[%emt 00:00:06]} 53. Qb4 {[%clk 00:41:43]} {[%emt 00:00:27]}
Kb6 {[%clk 00:29:44]} {[%emt 00:00:14]} 54. Qc5+ {[%clk 00:42:02]} {[%emt
00:00:13]} Ka5 {[%clk 00:29:39]} {[%emt 00:00:35]} 55. Qa7# {[%clk 00:41:51]}
{[%emt 00:00:10]} 1-0